000 004410000a22001690004500
999 _c48240
_d48240
001 1064
003 CO-MdFUSB
005 20180504134654.0
008 180504b xxu||||| |||| 00| 0 eng d
040 _cCO-MdBIC
082 0 4 _a868HC Al16a
110 1 _aFundacíon Arte & Ciencia
245 1 0 _aMedellín escrita por sus jovenes / Alcaldia de Medellín
260 _aMedellín : Fundacíon Arte & Ciencia
300 _a88 P.
942 _cLGB